00561nam a22001817a 450000500170000001000150001702000260003203500140005803700130007208200060008510000210009124500330011226000430014530000210018894200200020999900190022995201310024820180203123556.0 aENG-122197 a9789386850041c350.00 aEN-105729 bDBAD/PUB aN aNamburi, Upendra a8 hours/cby Upendra Namburi aNew DelhibWestland Publicationsc2017 a282p.c22cm.(Hb) 2ddccENhNmNAM c149667d149667 001040718FICaDBADbDBADd2018-02-03eDBAD/PUBg350.00l0oN NAMpEN-105729r2018-02-03 00:00:00t1v350.00w2018-02-03yEN